| 000 | 00649nam a2200241Ia 4500 | ||
|---|---|---|---|
| 003 | IT-RoPAU | ||
| 005 | 20220918175845.0 | ||
| 008 | 120407s9999 xx 000 0 und d | ||
| 040 | _aIT-RoPAU | ||
| 040 | _cIT-RoPAU | ||
| 041 | _aita | ||
| 100 |
_aRoberto Angeli _934447 |
||
| 245 | _aNiels Stensen. Il beato Niccolò Stenone, filosofo della scienza, Testimone della fede, ”beato” per la Chiesa | ||
| 250 | _aCinisello Balsamo | ||
| 260 | _aSan Paolo Edizioni | ||
| 260 | _c1996 | ||
| 300 | _a366 p. | ||
| 300 | _c21.5 cm | ||
| 490 | _aTempi e figure,n.23 Rileg. /sovrac. | ||
| 490 | _v1 | ||
| 942 |
_cBK _2ddc |
||
| 999 |
_c33474 _d33474 |
||